<?xml version="1.0" encoding="UTF-8"?>
<record
    xmlns:xsi="http://www.w3.org/2001/XMLSchema-instance"
    xsi:schemaLocation="http://www.loc.gov/MARC21/slim http://www.loc.gov/standards/marcxml/schema/MARC21slim.xsd"
    xmlns="http://www.loc.gov/MARC21/slim">

  <leader>03235nam a2200361 a 4500</leader>
  <controlfield tag="001">ebr10742107</controlfield>
  <controlfield tag="003">CaPaEBR</controlfield>
  <controlfield tag="006">m     o  u        </controlfield>
  <controlfield tag="007">cr cn|||||||||</controlfield>
  <controlfield tag="008">070326s2008    pau     sb    001 0deng d</controlfield>
  <datafield tag="010" ind1=" " ind2=" ">
    <subfield code="z">  2007012053</subfield>
  </datafield>
  <datafield tag="020" ind1=" " ind2=" ">
    <subfield code="z">9780877853275</subfield>
  </datafield>
  <datafield tag="020" ind1=" " ind2=" ">
    <subfield code="z">9780877856450 (e-book)</subfield>
  </datafield>
  <datafield tag="040" ind1=" " ind2=" ">
    <subfield code="a">CaPaEBR</subfield>
    <subfield code="c">CaPaEBR</subfield>
  </datafield>
  <datafield tag="035" ind1=" " ind2=" ">
    <subfield code="a">(OCoLC)857064818</subfield>
  </datafield>
  <datafield tag="050" ind1="1" ind2="4">
    <subfield code="a">BX8711</subfield>
    <subfield code="b">.W66 2008eb</subfield>
  </datafield>
  <datafield tag="082" ind1="0" ind2="4">
    <subfield code="a">016.289/4</subfield>
    <subfield code="2">22</subfield>
  </datafield>
  <datafield tag="100" ind1="1" ind2=" ">
    <subfield code="a">Woofenden, William Ross.</subfield>
  </datafield>
  <datafield tag="245" ind1="1" ind2="0">
    <subfield code="a">Swedenborg explorer's guidebook</subfield>
    <subfield code="h">[electronic resource] :</subfield>
    <subfield code="b">a research manual for inquiring new readers, seekers of spiritual ideas, and writers of Swedenborgian treatises /</subfield>
    <subfield code="c">William Ross Woofenden ; with additions by Jonathan S. Rose.</subfield>
  </datafield>
  <datafield tag="250" ind1=" " ind2=" ">
    <subfield code="a">Rev. 2nd ed.</subfield>
  </datafield>
  <datafield tag="260" ind1=" " ind2=" ">
    <subfield code="a">West Chester, Pa. :</subfield>
    <subfield code="b">Swedenborg Foundation Publishers,</subfield>
    <subfield code="c">c2008.</subfield>
  </datafield>
  <datafield tag="300" ind1=" " ind2=" ">
    <subfield code="a">xxv, 511 p.</subfield>
  </datafield>
  <datafield tag="440" ind1=" " ind2="0">
    <subfield code="a">Swedenborg studies ;</subfield>
    <subfield code="v">no. 12</subfield>
  </datafield>
  <datafield tag="504" ind1=" " ind2=" ">
    <subfield code="a">Includes bibliographical references and indexes.</subfield>
  </datafield>
  <datafield tag="505" ind1="0" ind2=" ">
    <subfield code="a">Swedenborg's writings -- Chronology of published works and unpublished documents -- Alphabetical listing of Swedenborg's writings -- Classification by subject of Swedenborg's writings -- Annotated bibliography of Swedenborg's writings by year -- Published and unpublished writings -- Works of uncertain authorship and projected works that were never written -- Lost works -- Selected collateral literature -- Concordances and compendiums -- Indexes -- Dictionaries -- Documentary collections -- Bibliographies -- Doctrinal summaries -- A. basic reference -- B. general -- The lord -- The word -- E. humankind -- F. love, faith, use -- G. creation, providence, freedom -- H. sex and marriage -- Regeneration -- J. life after death, the spiritual world -- Exegetical works -- A. old testament -- B. new testament -- Studies in correspondences, parables, etc -- Major biographies of Swedenborg -- Historical studies -- A. church history -- B. church polity -- Autobiographies and biographies -- Of prominent swedenborgians -- Metaphysics -- Critical studies -- A. published works -- B. theses and dissertations -- Periodicals -- A. current periodicals -- B. former periodicals -- Indexes to periodicals -- Digests, outlines, and synopses -- Studies in science and religion -- Religious education materials -- Prayer and other devotional materials -- Literature for children -- Miscellaneous -- Glossary -- Selected list of key Swedenborgian concepts -- Pre-theological concepts relevant to the history of science and philosophy -- Concepts bridging the pre-theological and theological concepts -- Revelations about humankind and our intended destiny -- Major documentary collections and booksellers.</subfield>
  </datafield>
  <datafield tag="533" ind1=" " ind2=" ">
    <subfield code="a">Electronic reproduction.</subfield>
    <subfield code="b">Palo Alto, Calif. :</subfield>
    <subfield code="c">ebrary,</subfield>
    <subfield code="d">2013.</subfield>
    <subfield code="n">Available via World Wide Web.</subfield>
    <subfield code="n">Access may be limited to ebrary affiliated libraries.</subfield>
  </datafield>
  <datafield tag="600" ind1="1" ind2="0">
    <subfield code="a">Swedenborg, Emanuel,</subfield>
    <subfield code="d">1688-1772</subfield>
    <subfield code="v">Bibliography.</subfield>
  </datafield>
  <datafield tag="600" ind1="1" ind2="0">
    <subfield code="a">Swedenborg, Emanuel,</subfield>
    <subfield code="d">1688-1772</subfield>
    <subfield code="x">Language</subfield>
    <subfield code="v">Glossaries, etc.</subfield>
  </datafield>
  <datafield tag="655" ind1=" " ind2="7">
    <subfield code="a">Electronic books.</subfield>
    <subfield code="2">local</subfield>
  </datafield>
  <datafield tag="700" ind1="1" ind2=" ">
    <subfield code="a">Rose, Jonathan S.</subfield>
  </datafield>
  <datafield tag="710" ind1="2" ind2=" ">
    <subfield code="a">ebrary, Inc.</subfield>
  </datafield>
  <datafield tag="856" ind1="4" ind2="0">
    <subfield code="u">http://site.ebrary.com/lib/rucke/Doc?id=10742107</subfield>
    <subfield code="z">An electronic book accessible through the World Wide Web; click to view</subfield>
  </datafield>
  <datafield tag="999" ind1=" " ind2=" ">
    <subfield code="c">35349</subfield>
    <subfield code="d">35349</subfield>
  </datafield>
</record>
